Top 20 Most Populated Mongolian Cities - Statistics

General Stats
  • This quiz has been taken 54 times
  • The average score is 5 of 20
Answer Stats
Population City % Correct
1.1M Ulaanbaatar
100%
83.3K Erdenet
53%
74.7K Darkhan
50%
38.5K Choibalsan
37%
35.7K Moron
37%
29K Khovd
27%
18.7K Dalanzadgad
23%
20.5K Sainshand
23%
20.6K Tsetserleg
23%
29.3K Olgii
20%
27.1K Ulaangom
20%
17.4K Uliastai
20%
27.1K Arvaikheer
17%
16.5K Altai
13%
30K Nalaikh
13%
19K Ondorkhaan
13%
19.6K Sukhbaatar
10%
18K Zuunkharaa
3%
22.2K Banganuur
0%
29.8K Bayankhonogor
0%
No matching quizzes found
Score Distribution
Percent of People with Each Score
Percentile by Number Answered
Your Score History
You have not taken this quiz